| 000 | 00794cam a22001814a 4500 | ||
|---|---|---|---|
| 005 | 20250605164337.0 | ||
| 008 | 250528s ||||||||||||||||||||||||d | ||
| 035 | _a23486 | ||
| 040 |
_aGR-AtMCL _bgre _dGR-AtMCL _eAACR2 |
||
| 245 | 1 | _aDesigning and Implementing a Modern 2D Game/A Retrospective and Renewal of the Techniques Used in 2D Game Development | |
| 260 | _c2016 | ||
| 520 | _aUnit Interface, Tiled Interface, In Game User Interface, Paused Game Menu, Main Menu, Level Selection Screen, About Screen, Health Items, Ice Tray and Power Up, Player Shooting, Animation Clip (Using Position), Animation States, Animation Clip (Using Spritesheet). | ||
| 700 | 1 |
_aLyras Nikolaos _99049 |
|
| 700 | 1 |
_aPanoliaskos Konstantinos _99052 |
|
| 942 | _cDS | ||
| 999 |
_c8496 _d8496 |
||